000 00695nam a2200217Ia 4500
005 20240522085604.0
008 210716s2002 xx 000 0 und d
020 _a8120321413
040 _cAIMIT LIBRARY
041 _aeng
082 _a005.73
_22
_bCORT
100 _aCormen, Thomas H.
_9165972
245 _aIntroduction to algorithms/
_cby Thomas H Cormen...[et.al].
250 _a2nd ed.
260 _aNew Delhi :
_bPrentice Hall of India ,
_c2002.
300 _axix,1180 p.;
_bPB
_c25 cm.
650 _aGrowth of function
_9165973
650 _aProbabilistic analysis and randomized algorithms
_9165974
650 _aBinary search trees
_9165975
942 _2ddc
_cBK
_e2nd
_k005.73 CORT
999 _c186003
_d186003